[Event "Basso Veronese op 6th"]
[Site "Casaleone"]
[Date "2013.05.18"]
[Round "2"]
[White "Beltrame, Luca"]
[Black "Rondelli, Roberto"]
[Result "0-1"]
[WhiteElo "1458"]
[BlackElo "1729"]
[PlyCount "38"]
[EventDate "2013.05.17"]
[EventType "swiss"]
[EventRounds "5"]
[EventCountry "ITA"]
[SourceTitle "EXT 2014"]
[Source "ChessBase"]
[SourceDate "2013.11.20"]
[SourceVersion "1"]
[SourceVersionDate "2013.11.20"]
[SourceQuality "1"]

1. d4 e6 2. Nf3 d5 3. e3 c5 4. dxc5 Nc6 5. Bb5 Bxc5 6. Ne5 Nge7 7. Qf3 0-0 8. Nxc6 bxc6 9. Bd3 e5 10. e4 f5 11. Qe2 fxe4 12. Ba6 Rxf2 13. Qh5 Bxa6 14. Qxe5 Qf8 15. a3 Rf1+ 16. Rxf1 Qxf1+ 17. Kd2 Qe2+ 18. Kc3 d4+ 19. Kb3 Qc4# 0-1

[Event "Basso Veronese op 6th"]
[Site "Casaleone"]
[Date "2013.05.17"]
[Round "1"]
[White "Magnabosco, Mauro Denis"]
[Black "Beltrame, Luca"]
[Result "1-0"]
[WhiteElo "1782"]
[BlackElo "1458"]
[PlyCount "57"]
[EventDate "2013.05.17"]
[EventType "swiss"]
[EventRounds "5"]
[EventCountry "ITA"]
[SourceTitle "EXT 2014"]
[Source "ChessBase"]
[SourceDate "2013.11.20"]
[SourceVersion "1"]
[SourceVersionDate "2013.11.20"]
[SourceQuality "1"]

1. c4 e5 2. Nc3 Nf6 3. g3 Bb4 4. Bg2 0-0 5. Nd5 Nxd5 6. cxd5 d6 7. a3 Bc5 8. d3 a6 9. Nf3 b5 10. 0-0 Re8 11. e4 c6 12. b4 Ba7 13. dxc6 Nxc6 14. Be3 Bxe3 15. fxe3 h6 16. Rc1 Bb7 17. Qb3 Qb6 18. Rce1 a5 19. Nh4 Qc7 20. Bh3 Bc8 21. Bxc8 Raxc8 22. Rc1 Qa7 23. Nf5 Re6 24. d4 exd4 25. Nxd4 a4 26. Qa2 Rxe4 27. Rxc6 Rce8 28. Qd2 Rxe3 29. Rc8 1-0